Normal view
MARC view
- Beg,Mirza Arshad Ali
Entry Personal Name
001 - CONTROL NUMBER
- control field: 6769
003 - CONTROL NUMBER IDENTIFIER
- control field: NUST
005 - DATE AND TIME OF LATEST TRANSACTION
- control field: 20171124120637.0
008 - FIXED-LENGTH DATA ELEMENTS
- fixed length control field: 171124|| aca||aabn | a|a d
040 ## - CATALOGING SOURCE
- Original cataloging agency: NUST
- Transcribing agency: NUST
100 ## - HEADING--PERSONAL NAME
- Personal name: Beg,Mirza Arshad Ali
670 ## - SOURCE DATA FOUND
- Source citation: Work cat.: (NUST): Beg,Mirza Arshad Ali, Pesticide Toxicity Specificity & Politics, 2006
